LIBRARY & INFORMATION CENTRE, KCAET, TAVANUR

ONLINE PUBLIC ACCESS CATALOGUE (OPAC)

India's Agricultural Trade: Challenges and opportunities (Record no. 14735)

MARC details
000 -LEADER
fixed length control field 00386nam a22001457a 4500
020 ## - INTERNATIONAL STANDARD BOOK NUMBER
ISBN 8131406431
082 ## - DEWEY DECIMAL CLASSIFICATION NUMBER
Classification number 630.33
Item number BHA/IN
245 ## - TITLE STATEMENT
Title India's Agricultural Trade: Challenges and opportunities
250 ## - EDITION STATEMENT
Edition statement 1
260 ## - PUBLICATION, DISTRIBUTION, ETC. (IMPRINT)
Place of publication Agartala - Tripura
Name of publisher The Icfai University Press
Year of publication 2007
300 ## - PHYSICAL DESCRIPTION
Number of Pages 300
700 ## - ADDED ENTRY--PERSONAL NAME
Personal name Bhaskaran S.
700 ## - ADDED ENTRY--PERSONAL NAME
Personal name Kumaravel K. S.
942 ## - ADDED ENTRY ELEMENTS (KOHA)
Koha item type Book Bank scheme for SC students
Holdings
Withdrawn status Lost status Damaged status Collection code Home library Current library Shelving location Date acquired Source of acquisition Cost, normal purchase price Full call number Accession Number Koha item type
        KAUAET KAUAET Scheme 26/08/2016 Calicut Book Daistributors, Calicut. 475.00 630.33 BHA/IN BB 273 Book Bank scheme for SC students
free website counter